Serviteurs objets du château de La Bête dans La Belle et la Bête - Statistiques

Statistiques générales
  • Ce quiz a été pris 16 fois
  • Le résultat moyen est 4 sur 9
Statistiques - réponses
Serviteurs transformés en objets dans La Belle et la Bête % Correct
Lumière
92%
Big Ben
85%
Mme Samovar
85%
Zip
85%
Plumette
46%
L'Armoire
31%
Le Fourneau
0%
Maestro Forte
0%
Sultan
0%
Aucun quiz correspondant
Distribution des résultats
% des personnes avec chaque résultat
Percentile par nombre de réponses
Votre historique - résultats
Vous n’avez pas pris ce quiz